000 00536nam a2200205Ia 4500
003 GCL
008 140319s9999 xx 000 0 eng d
040 _aGCL /
_cGCL
082 0 4 _a746.434
_bT C
100 1 _aTURNER, PAULINE
245 1 0 _aCROCHET: A HISTORY OF THE CRAFT SINCE 1850 /
_cTURNER, PAULINE
260 _a[S.N] :
_bSHIRE PUBLICATIONS LTD
300 _a32 P
490 _aSHIRE 128 ALBUM
_v0
650 0 4 _aTEXTILE
650 0 4 _aCROCHETING, HISTORY
650 0 4 _aHANDCRAFT
650 0 4 _aNEDDLE WORKS
942 _2ddc
_cBK
999 _c21202
_d21202